|
|
|
|
| LEADER |
01286nam a2200361Ia 4500 |
| 001 |
EBC647736 |
| 003 |
MiAaPQ |
| 005 |
20200520144314.0 |
| 006 |
m o d | |
| 007 |
cr cn||||||||| |
| 008 |
080814s2010 enka sb 000 0 eng d |
| 020 |
|
|
|z 9780857244758
|
| 020 |
|
|
|z 9780857244765
|
| 035 |
|
|
|a (MiAaPQ)EBC647736
|
| 035 |
|
|
|a (Au-PeEL)EBL647736
|
| 035 |
|
|
|a (CaPaEBR)ebr10440340
|
| 035 |
|
|
|a (CaONFJC)MIL296410
|
| 035 |
|
|
|a (OCoLC)743202091
|
| 040 |
|
|
|a MiAaPQ
|c MiAaPQ
|d MiAaPQ
|
| 050 |
|
4 |
|a HF5415.2
|b .R487 2010
|
| 245 |
0 |
0 |
|a Review of marketing research.
|n Volume 7
|h [electronic resource] /
|c edited by Naresh K. Malhotra.
|
| 250 |
|
|
|a 1st ed.
|
| 260 |
|
|
|a Bingley, UK :
|b Emerald,
|c 2010.
|
| 300 |
|
|
|a xxviii, 302 p. :
|b ill.
|
| 490 |
0 |
|
|a Review of marketing research ;
|v v. 7
|
| 504 |
|
|
|a Includes bibliographical references.
|
| 533 |
|
|
|a Electronic reproduction. Ann Arbor, MI : ProQuest, 2015. Available via World Wide Web. Access may be limited to ProQuest affiliated libraries.
|
| 650 |
|
0 |
|a Marketing research.
|
| 650 |
|
0 |
|a Research, Industrial.
|
| 655 |
|
4 |
|a Electronic books.
|
| 700 |
1 |
|
|a Malhotra, Naresh K.
|
| 710 |
2 |
|
|a ProQuest (Firm)
|
| 856 |
4 |
0 |
|u https://ebookcentral.proquest.com/lib/matrademy/detail.action?docID=647736
|z Click to View
|